[Event "Szachy na pełnej kurwie"]
[Site "SchemingMind.com"]
[Date "2016.01.04"]
[Round "-"]
[White "flyinduck"]
[Black "William Lindberg"]
[Result "0-1"]
[WhiteCountry "CAN"]
[BlackCountry "USA"]
[WhiteElo "2050"]
[WhiteRD "53"]
[BlackElo "2300"]
[BlackRD "67"]
[GameID "393171"]

1. d4 Nf6 2. c4 e6 3. Nc3 d5 4. cxd5 exd5 5. Bg5 Be7 6. e3 h6 7. Bf4 Bd6 8. Bg3 O-O 9. Bd3 Bxg3 10. hxg3 c6
11. Nf3 Nbd7 12. O-O Ng4 13. e4 dxe4 14. Nxe4 Ndf6 15. Nc5 b6 16. Nb3 Be6 17. Rc1 Rc8 18. Ne5 Nxe5 19. dxe5 Ng4 20. Re1 c5
21. Qe2 Re8 22. Rcd1 Qg5 23. f4 Qh5 24. Qf3 c4
0-1

[Event "Szachy na pełnej kurwie"]
[Site "SchemingMind.com"]
[Date "2016.01.06"]
[Round "-"]
[White "smothered mate"]
[Black "Eric Caesar"]
[Result "1/2-1/2"]
[WhiteCountry "POL"]
[BlackCountry "NED"]
[WhiteElo "1942"]
[WhiteRD "73"]
[BlackElo "1896"]
[BlackRD "71"]
[GameID "393213"]

1. e4 e6 2. d4 d5 3. Nc3 Bb4 4. e5 c5 5. a3 Bxc3+ 6. bxc3 Qa5 7. Bd2 Qa4 8. Nf3 Ne7 9. Qb1 O-O 10. Bb5 Qa5
11. c4 Qc7 12. dxc5 a6 13. cxd5 Nxd5 14. Bd3 h6 15. c4 Ne7 16. Qb6 Qxb6 17. cxb6 Bd7 18. Ke2 Bc6 19. Bb4 Re8 20. Rhg1 Nd7
21. Bxe7 Rxe7 22. Rab1 Bxf3+ 23. gxf3 Nxe5 24. c5 Nxd3 25. Kxd3 Rc8 26. Rgc1 Rc6 27. Rc4 Rd7+ 28. Ke4 Rd5 29. Rbc1 Kf8 30. a4 Ke7
31. a5 Kd7 32. h4 h5 33. Ke3 g6 34. Ke4 f6 35. Ke3 Rc8 36. f4 Kc6 37. Rg1 Rg8 38. Re4 e5 39. fxe5 f5 40. Rc4 Rxe5+
41. Kd4 Rd5+ 42. Kc3 Rxc5 43. Kb4 Rxc4+ 44. Kxc4 Kd6 45. Rd1+ Ke6 46. f4 Rc8+=
1/2-1/2

[Event "Szachy na pełnej kurwie"]
[Site "SchemingMind.com"]
[Date "2016.01.05"]
[Round "-"]
[White "Eric Caesar"]
[Black "smothered mate"]
[Result "0-1"]
[WhiteCountry "NED"]
[BlackCountry "POL"]
[WhiteElo "1865"]
[WhiteRD "65"]
[BlackElo "1939"]
[BlackRD "65"]
[GameID "393214"]

1. e4 c5 2. Nf3 e6 3. Be2 Nc6 4. O-O d5 5. exd5 exd5 6. d4 cxd4 7. Nxd4 Bd6 8. Bf3 Qh4 9. Re1+ Nge7 10. Nxc6 Qxh2+
11. Kf1 bxc6 12. c4 O-O 13. g3 Bxg3 14. fxg3 Bh3+
0-1

[Event "Szachy na pełnej kurwie"]
[Site "SchemingMind.com"]
[Date "2016.01.05"]
[Round "-"]
[White "tyler_ensor"]
[Black "Eric Caesar"]
[Result "1-0"]
[WhiteCountry "CAN"]
[BlackCountry "NED"]
[WhiteElo "1864"]
[WhiteRD "81"]
[BlackElo "1893"]
[BlackRD "75"]
[GameID "393215"]

1. d4 Nf6 2. c4 e6 3. Nc3 Bb4 4. e3 O-O 5. Bd3 d5 6. Nf3 c5 7. O-O Nc6 8. a3 Bxc3 9. bxc3 Qc7 10. cxd5 exd5
11. a4 c4 12. Bc2 Bg4 13. Qe1 Rfe8 14. Nh4 Bh5 15. f3 Bg6 16. Nxg6 hxg6 17. e4 a6 18. e5 Nh7 19. Ba3 b5 20. Bd6 Qb7
21. Rb1 Rad8 22. Qh4 Nf8 23. f4 Ne7 24. Rf3 Nf5 25. Bxf5 gxf5 26. Rh3 f6 27. Qh8+ Kf7 28. exf6 Ne6 29. Qh5+ Kxf6 30. Be5+ Ke7
31. Qxf5 Kd7 32. Bxg7 Kc8 33. Rh6 Qxg7 34. Rxe6 Qd7 35. Rc6+
1-0

[Event "Szachy na pełnej kurwie"]
[Site "SchemingMind.com"]
[Date "2016.01.05"]
[Round "-"]
[White "Eric Caesar"]
[Black "tyler_ensor"]
[Result "1/2-1/2"]
[WhiteCountry "NED"]
[BlackCountry "CAN"]
[WhiteElo "1902"]
[WhiteRD "89"]
[BlackElo "1921"]
[BlackRD "76"]
[GameID "393216"]

1. e4 c5 2. Nf3 d6 3. Nc3 Nf6 4. d4 cxd4 5. Nxd4 a6 6. Be2 e5 7. Nb3 Be7 8. O-O O-O 9. Bg5 Be6 10. f3 Nbd7
11. Qd2 b5 12. Bxf6 Nxf6 13. Nd5 Nxd5 14. exd5 Bd7 15. Na5 Bg5 16. Qb4 Qb6+ 17. Kh1 Be3 18. c4 f5 19. a4 bxa4 20. Qxb6 Bxb6
21. Nc6 Bxc6 22. dxc6 Rfc8 23. Rxa4 Rxc6 24. b4 Bd4 25. f4 e4 26. Rd1 Bf6 27. Rd5 g6 28. Rda5 Bd8 29. Rd5 Rb6 30. h3 Kf7
31. c5 dxc5 32. bxc5 Rc6 33. Bb5 Rc7 34. Bd7 Bh4 35. Kh2 Bf2 36. c6 e3 37. Re5 Rb8 38. Ra2 Rb4 39. g3 Kf6 40. Kg2 Rb1
41. g4 fxg4 42. hxg4 h6 43. Rxa6 Rb2 44. Kf3 Bg1 45. Raa5 Rc2 46. Re6+ Kf7 47. Rae5 Rd2 48. Re7+ Kf8 49. g5 hxg5 50. fxg5 Rf2+
51. Kg3 Bh2+ 52. Kh3 Bxe5 53. Rxe5 Re2 54. Kg3 Re1 55. Kf3= e2 56. Kf2 Rc1 57. Kxe2 R1xc6 58. Bxc6 Rxc6 59. Kd3=
1/2-1/2

[Event "Szachy na pełnej kurwie"]
[Site "SchemingMind.com"]
[Date "2016.01.04"]
[Round "-"]
[White "miriskra"]
[Black "Eric Caesar"]
[Result "0-1"]
[WhiteCountry "WLS"]
[BlackCountry "NED"]
[WhiteElo "1676"]
[WhiteRD "63"]
[BlackElo "1893"]
[BlackRD "75"]
[GameID "393217"]

1. Nf3 Nf6 2. c4 c5 3. Nc3 e6 4. d4 cxd4 5. Nxd4 Bb4 6. Bd2 O-O 7. g3 Nc6 8. Nc2 Be7 9. Bg2 b6 10. O-O Bb7
11. e4 d6 12. h3 a6 13. Be3 Qc7 14. Qe2 Na5 15. Na3 Rac8 16. Rac1 Rfe8 17. Kh2 Nxc4 18. Nxc4 Qxc4 19. Qxc4 Rxc4 20. Bxb6 Rec8
21. f3 Rb4 22. Ba5 Rxb2 23. Rb1 Rxb1 24. Rxb1 Bc6 25. Rb6 Bd8 26. Rxa6 Bb7 27. Bxd8 Bxa6 28. Bxf6 gxf6 29. Na4 Rc2
0-1

[Event "Szachy na pełnej kurwie"]
[Site "SchemingMind.com"]
[Date "2016.01.04"]
[Round "-"]
[White "Eric Caesar"]
[Black "miriskra"]
[Result "1-0"]
[WhiteCountry "NED"]
[BlackCountry "WLS"]
[WhiteElo "1903"]
[WhiteRD "85"]
[BlackElo "1602"]
[BlackRD "66"]
[GameID "393218"]

1. e4 c5 2. Nf3 Nc6 3. d4 cxd4 4. Nxd4 e5 5. Nb5 d6 6. c4 a6 7. N5a3 Nf6 8. Nc3 Be7 9. Nc2 O-O 10. g3 Be6
11. Ne3 Nd4 12. Bg2 Rc8 13. b3 b5 14. Ncd5 bxc4 15. bxc4 Bxd5 16. cxd5 Nd7 17. O-O g6 18. Bb2 Bf6 19. h4 h5 20. Kh1 Bxh4
21. gxh4 Qxh4+ 22. Kg1 Nb5 23. Qf3 Nc5 24. Qg3 Qe7 25. f3 Nd3 26. Bc1 Nf4 27. Nf5 Qa7+ 28. Be3 Qxe3+ 29. Nxe3 Ne2+ 30. Kf2 Nxg3
31. Kxg3 Rc3 32. Rfe1 Rfc8 33. Bf1 Nd4 34. Bxa6 R8c5 35. a4 Ra5 36. Bb5 Nxb5 37. axb5 Rxa1 38. Rxa1 Rxe3 39. Rb1 Rc3 40. b6
1-0

[Event "Szachy na pełnej kurwie"]
[Site "SchemingMind.com"]
[Date "2016.01.05"]
[Round "-"]
[White "Darnell"]
[Black "Eric Caesar"]
[Result "0-1"]
[WhiteCountry "CAN"]
[BlackCountry "NED"]
[WhiteElo "1605"]
[WhiteRD "106"]
[BlackElo "1932"]
[BlackRD "66"]
[GameID "393219"]

1. d4 Nf6 2. Bf4 e6 3. Nf3 d5 4. e3 Bd6 5. Bg3 O-O 6. Bd3 b6 7. Nbd2 Bb7 8. c3 Nbd7 9. Bxd6 cxd6 10. O-O e5
11. Bc2 Ba6 12. Re1 Re8 13. Kh1 e4 14. Ng1 h5 15. Nh3 Ng4 16. f3 exf3 17. Nxf3 Nxe3
0-1

[Event "Szachy na pełnej kurwie"]
[Site "SchemingMind.com"]
[Date "2016.01.05"]
[Round "-"]
[White "Eric Caesar"]
[Black "Darnell"]
[Result "1-0"]
[WhiteCountry "NED"]
[BlackCountry "CAN"]
[WhiteElo "1896"]
[WhiteRD "71"]
[BlackElo "1484"]
[BlackRD "79"]
[GameID "393220"]

1. d4 d5 2. Nf3 Nf6 3. e3 Bg4 4. c4 c6 5. Be2 Bxf3 6. Bxf3 dxc4 7. a4 Nd5 8. O-O e6 9. Qc2 Be7 10. Qxc4 O-O
11. Nc3 Nxc3 12. bxc3 Nd7 13. e4 Rc8 14. Bf4 Nb6 15. Qb3 c5 16. Rfd1 c4 17. Qc2 Bg5 18. Bxg5 Qxg5 19. a5 Nd7 20. e5 f6
21. exf6 Rxf6 22. Bxb7 Rg6 23. g3 Rf8 24. Bg2 Nf6 25. f4 Qh5 26. Re1 Ng4 27. Bf3 Rh6 28. Bxg4
1-0

[Event "Szachy na pełnej kurwie"]
[Site "SchemingMind.com"]
[Date "2016.01.04"]
[Round "-"]
[White "Scooter"]
[Black "Eric Caesar"]
[Result "0-1"]
[WhiteCountry "USA"]
[BlackCountry "NED"]
[WhiteElo "1696"]
[WhiteRD "46"]
[BlackElo "1932"]
[BlackRD "66"]
[GameID "393221"]

1. d4 e6 2. Nf3 Nf6 3. Bg5 d5 4. e3 Be7 5. Nbd2 O-O 6. Be2 Nbd7 7. O-O b6 8. c4 Bb7 9. cxd5 exd5 10. Rc1 c5
11. dxc5 bxc5 12. Bb5 h6 13. Bxf6 Nxf6 14. Ne5 a6 15. Bc6 Qc7 16. Bxb7 Qxb7 17. b3 Rac8 18. Ndf3 Rfd8 19. Nd3 Ne4 20. Nd2 d4
21. Nxe4 Qxe4 22. exd4 Rxd4 23. Rc3 Rcd8 24. Re1 Rxd3 25. Rxd3 Rxd3 26. Qb1 Qd5
0-1

[Event "Szachy na pełnej kurwie"]
[Site "SchemingMind.com"]
[Date "2016.01.04"]
[Round "-"]
[White "Eric Caesar"]
[Black "Scooter"]
[Result "1-0"]
[WhiteCountry "NED"]
[BlackCountry "USA"]
[WhiteElo "1888"]
[WhiteRD "66"]
[BlackElo "1712"]
[BlackRD "48"]
[GameID "393222"]

1. d4 Nf6 2. c4 g6 3. Nc3 Bg7 4. e4 d6 5. Nf3 Bg4 6. h3 Bxf3 7. Qxf3 O-O 8. Bd3 Nbd7 9. g4 c5 10. Be3 cxd4
11. Bxd4 Ne5 12. Bxe5 dxe5 13. O-O-O a6 14. g5 Nh5 15. Rhe1 e6 16. Bf1 Qxg5+ 17. Kb1 Qf4 18. Qg2 Rfd8 19. Be2 Qh6 20. Bxh5 Qxh5
21. f3 Bf6 22. Rxd8+ Rxd8 23. Rd1 Rxd1+ 24. Nxd1 Qg5 25. Qxg5 Bxg5 26. Kc2 b6 27. b4 Kf8 28. c5 bxc5 29. bxc5 Ke8 30. Kc3 Kd7
31. Kc4 Kc6 32. Nb2 Be3 33. Nd3 g5 34. Nb4+ Kb7 35. a4 a5 36. Nc2 Bd2 37. Na1 f5 38. exf5 exf5 39. Kd5 f4 40. Nb3 Bc3
41. c6+ Kc7 42. Nc5 h6 43. Ne4 Bd4 44. Nf6 Bc3 45. Ng4 h5 46. Nf6 g4 47. hxg4 hxg4 48. Nxg4
1-0

[Event "Szachy na pełnej kurwie"]
[Site "SchemingMind.com"]
[Date "2016.01.04"]
[Round "-"]
[White "Robert Bruce"]
[Black "Eric Caesar"]
[Result "1-0"]
[WhiteCountry "SCO"]
[BlackCountry "NED"]
[WhiteElo "2221"]
[WhiteRD "63"]
[BlackElo "1865"]
[BlackRD "65"]
[GameID "393223"]

1. d4 e6 2. Nf3 d5 3. c4 Nf6 4. Nc3 Bb4 5. Qb3 c5 6. dxc5 Nc6 7. Bg5 h6 8. Bxf6 Qxf6 9. cxd5 exd5 10. e3 Bxc5
11. Nxd5 Qd8 12. Rc1 b6 13. Bb5 Bd7 14. Qa4 Nb8 15. Ne5 Bxb5 16. Qxb5+ Kf8 17. Rxc5 bxc5 18. Qb7 Qa5+ 19. b4 Qxa2 20. Qxf7#
1-0

[Event "Szachy na pełnej kurwie"]
[Site "SchemingMind.com"]
[Date "2016.01.04"]
[Round "-"]
[White "Eric Caesar"]
[Black "Robert Bruce"]
[Result "0-1"]
[WhiteCountry "NED"]
[BlackCountry "SCO"]
[WhiteElo "1865"]
[WhiteRD "65"]
[BlackElo "2221"]
[BlackRD "63"]
[GameID "393224"]

1. e4 Nf6 2. e5 Nd5 3. d4 d6 4. exd6 cxd6 5. Nf3 g6 6. Bd3 Bg7 7. c3 O-O 8. O-O Nc6 9. Nbd2 e5 10. dxe5 dxe5
11. Ne4 Bf5 12. Qc2 Ndb4 13. cxb4 Nxb4 14. Qb3 Qxd3 15. Qxb4 Bxe4 16. Nd2 Bd5 17. a4 Rfc8 18. Ra3 Qd4 19. Qb5 Rxc1 20. Rxc1 Qxd2
21. Rac3 Bc6 22. Qb4 Rd8 23. h3 e4 24. Qc4 Bxc3 25. Rxc3 Qxb2 26. Rg3 Rd1+ 27. Kh2 Qxf2
0-1

[Event "Szachy na pełnej kurwie"]
[Site "SchemingMind.com"]
[Date "2016.01.04"]
[Round "-"]
[White "William Lindberg"]
[Black "Eric Caesar"]
[Result "1-0"]
[WhiteCountry "USA"]
[BlackCountry "NED"]
[WhiteElo "2281"]
[WhiteRD "67"]
[BlackElo "1865"]
[BlackRD "65"]
[GameID "393225"]

1. e4 e6 2. Nf3 c5 3. Nc3 Nc6 4. Be2 Nf6 5. O-O d6 6. d4 cxd4 7. Nxd4 Be7 8. Nxc6 bxc6 9. Qd3 a5 10. Qg3 O-O
11. Rd1 e5 12. b3 Be6 13. f4 exf4 14. Bxf4 Ne8 15. Kh1 Bf6 16. Rd2 Be7 17. Rad1 Ra7 18. Na4 Rd7 19. c4 Kh8 20. Qe3 f5
21. e5 dxe5 22. Bxe5 Rxd2 23. Rxd2 Qc8 24. Nb6 Qb7 25. Bd4 Bg8 26. Nd7 Rf7 27. Bh5 Bb4 28. Bxf7 Bxf7 29. Bc3 Bxc3 30. Qxc3 Qc7
31. Qe5 Qd8 32. Qxf5 Bg8 33. h3 Nc7 34. Qxa5
1-0

[Event "Szachy na pełnej kurwie"]
[Site "SchemingMind.com"]
[Date "2016.01.04"]
[Round "-"]
[White "Eric Caesar"]
[Black "William Lindberg"]
[Result "0-1"]
[WhiteCountry "NED"]
[BlackCountry "USA"]
[WhiteElo "1932"]
[WhiteRD "66"]
[BlackElo "2300"]
[BlackRD "67"]
[GameID "393226"]

1. d4 Nf6 2. c4 e6 3. Nc3 d5 4. Nf3 Be7 5. e3 O-O 6. Bd3 dxc4 7. Bxc4 c5 8. O-O Qc7 9. Qe2 Nc6 10. Rd1 Rd8
11. dxc5 Rxd1+ 12. Qxd1 Bxc5 13. Qe2 a6 14. e4 Ng4 15. Nd1 Nd4
0-1

[Event "Szachy na pełnej kurwie"]
[Site "SchemingMind.com"]
[Date "2016.01.09"]
[Round "-"]
[White "Eric Caesar"]
[Black "DANDYLIONHONEYBADGER"]
[Result "1-0"]
[WhiteCountry "NED"]
[BlackCountry "USA"]
[WhiteElo "1893"]
[WhiteRD "75"]
[BlackElo "1309"]
[BlackRD "68"]
[GameID "393227"]

1. d4 d5 2. Nf3 f6 3. e3 e6 4. Bd3 Bd7 5. O-O Ne7 6. e4 Bc6 7. e5 Ng6 8. Re1 fxe5 9. Bxg6+ hxg6 10. Nxe5 Rh5
11. Nxg6 Bd6 12. Qxh5 Qf6 13. Bg5 Qf5 14. Nd2 Qf7 15. Qh8+ Kd7 16. Qd8#
1-0

[Event "Szachy na pełnej kurwie"]
[Site "SchemingMind.com"]
[Date "2016.01.09"]
[Round "-"]
[White "DANDYLIONHONEYBADGER"]
[Black "Eric Caesar"]
[Result "0-1"]
[WhiteCountry "USA"]
[BlackCountry "NED"]
[WhiteElo "1334"]
[WhiteRD "59"]
[BlackElo "1903"]
[BlackRD "85"]
[GameID "393228"]

1. d4 Nf6 2. Nc3 d5 3. Nf3 e6 4. Bg5 Be7 5. e3 O-O 6. Bd3 Nbd7 7. Ne2 c5 8. O-O c4 9. Bxh7+ Nxh7 10. Bxe7 Qxe7
11. c3 b5 12. Qc2 Bb7 13. h4 f5 14. Nf4 Qf7 15. b3 cxb3 16. Qxb3 Bc6 17. h5 Nhf6 18. Ng5 Qe7 19. Nfxe6 Rfc8 20. Rae1 Ne4
21. Nxe4 fxe4 22. Nf4 Nf6 23. h6 gxh6 24. Ng6 Qd6 25. Nf4 Kh7 26. Rc1 a5 27. Qd1 Rg8 28. g3 Bd7 29. Qe1 Bg4 30. f3 Bxf3
31. Kh2 Rg5 32. Nh3 Rh5 33. Rb1 Qd7 34. a4 Qxh3+
0-1

[Event "Szachy na pełnej kurwie"]
[Site "SchemingMind.com"]
[Date "2016.01.04"]
[Round "-"]
[White "Eric Caesar"]
[Black "flyinduck"]
[Result "0-1"]
[WhiteCountry "NED"]
[BlackCountry "CAN"]
[WhiteElo "1888"]
[WhiteRD "66"]
[BlackElo "2083"]
[BlackRD "52"]
[GameID "393229"]

1. d4 d5 2. c4 c6 3. Nf3 Nf6 4. Nc3 e6 5. e3 Nbd7 6. Bd3 dxc4 7. Bxc4 b5 8. Bd3 Bb7 9. O-O a6 10. e4 c5
11. e5 cxd4 12. exf6 dxc3 13. fxg7 Bxg7 14. bxc3 Nc5 15. Be2 Qxd1 16. Rxd1 Bxc3 17. Rb1 Be4 18. Be3 Na4 19. Nd4 Bxb1 20. Rxb1 Ke7
21. Nc6+ Kf6 22. Bf3 Rac8 23. h4 Kg7 24. h5 h6 25. Rb3 Bf6 26. Nb4 Nc5 27. Bxc5 Rxc5 28. Nxa6 Rc2 29. Rxb5 Rxa2 30. Nc5 Rc8
31. Ne4 Bd4 32. Rb7 Ra7 33. Rb4 Rd8 34. g4 Rdd7 35. Rb5 Rdb7 36. Rxb7 Rxb7 37. Kg2 Rb2 38. Kg3 f5 39. gxf5 exf5
0-1

[Event "Szachy na pełnej kurwie"]
[Site "SchemingMind.com"]
[Date "2016.01.04"]
[Round "-"]
[White "flyinduck"]
[Black "Eric Caesar"]
[Result "1-0"]
[WhiteCountry "CAN"]
[BlackCountry "NED"]
[WhiteElo "2083"]
[WhiteRD "52"]
[BlackElo "1888"]
[BlackRD "66"]
[GameID "393230"]

1. d4 Nf6 2. c4 e6 3. Nc3 Bb4 4. e3 O-O 5. Ne2 b6 6. a3 Bxc3+ 7. Nxc3 Bb7 8. f3 d5 9. cxd5 Nxd5 10. Qc2 Nd7
11. Bd3 f5 12. O-O Rc8 13. Nxd5 Bxd5 14. Ba6 Rb8 15. Bd2 c5 16. e4 fxe4 17. fxe4 Ba8 18. Bf4 e5 19. dxe5 Kh8 20. e6 Nf6
21. Bxb8 Qxb8 22. Bd3 Qe5 23. Rf5 Qxe6 24. Raf1 Re8 25. e5 Nd7 26. Bc4 Bd5 27. Bxd5 Qxd5 28. Rh5 h6 29. h3 Nxe5 30. Kh1 Qd3
31. Qxd3 Nxd3 32. Rf7 Re2 33. Rd5 Ne5 34. Rxa7 Nc4 35. b4 cxb4 36. axb4 Ne3 37. Rdd7 Nf5 38. Rf7 Rf2 39. Kg1 Rf4 40. g4
1-0